Nomes de flores - Statistics

Estatísticas Gerais
  • Esse quiz foi jogado 233 vezes
  • A pontuação média é 9 de 19
Estatísticas das Respostas
Imagem Resposta % Correto
Girassol
97%
Rosa
96%
Margarida
94%
Tulipa
86%
Orquídea
71%
Lirio
70%
Lavanda
67%
Dente de leão
66%
Copo de leite
57%
Dalia
32%
Lotus
31%
Violeta
31%
Hibisco
25%
Papoula
14%
Peonia
12%
Narciso
10%
Lirio do vale
6%
Centaurea
1%
Primrose
1%
Nenhum quiz correspondente encontrado
Distribuição das Pontuações
Porcentagem de Pessoas com Cada Pontuação
Percentil de Números Respondidos
Sua Pontuação Histórica
Você não jogou esse quiz